The Criollo in the Mirrior (Record no. 11059)
[ view plain ]
| 000 -CABECERA | |
|---|---|
| campo de control de longitud fija | 00947nam a22002537a 4500 |
| 001 - NÚMERO DE CONTROL | |
| campo de control | BRCA_9347 |
| 003 - IDENTIFICADOR DEL NÚMERO DE CONTROL | |
| campo de control | FranzMayer |
| 005 - FECHA Y HORA DE LA ÚLTIMA TRANSACCIÓN | |
| campo de control | 20230918131259.0 |
| 008 - DATOS DE LONGITUD FIJA--INFORMACIÓN GENERAL | |
| campo de control de longitud fija | 230908b |||||||| |||| 00| 0 eng d |
| 020 ## - NÚMERO INTERNACIONAL ESTÁNDAR DEL LIBRO | |
| Número Internacional Estándar del Libro | 9786079076023 |
| 040 ## - FUENTE DE LA CATALOGACIÓN | |
| Centro catalogador/agencia de origen | MFM |
| Lengua de catalogación | ESPAÑOL |
| Centro/agencia transcriptor | MFM |
| 050 #0 - SIGNATURA TOPOGRÁFICA DE LA BIBLIOTECA DEL CONGRESO | |
| Número de clasificación | F1419.C74 |
| Número de documento/Ítem | S25 2011 |
| 110 1# - ENTRADA PRINCIPAL--NOMBRE DE ENTIDAD CORPORATIVA | |
| Código de función/relación | Responsable |
| Nombre de entidad corporativa o nombre de jurisdicción como elemento de entrada | Grupo Salinas |
| 9 (RLIN) | 29735 |
| 240 ## - TÍTULO UNIFORME | |
| Título uniforme | The Criollo in the Mirrior |
| Medio | Celebration and Identity, 1521-1821 |
| Lenguaje de la obra | Inglés |
| 245 0# - MENCIÓN DE TÍTULO | |
| Título | The Criollo in the Mirrior |
| Resto del título | Celebration and Identity, 1521-1821 |
| 260 ## - PUBLICACIÓN, DISTRIBUCIÓN, ETC. | |
| Lugar de publicación, distribución, etc. | Seúl, Corea |
| Nombre del editor, distribuidor, etc. | Grupo Salinas |
| Fecha de publicación, distribución, etc. | 2011 |
| 300 ## - DESCRIPCIÓN FÍSICA | |
| Extensión | 247 p |
| Otras características físicas | Ilustraciones a color |
| Dimensiones | 34 cm |
| 500 ## - NOTA GENERAL | |
| Nota general | Anexo 1 |
| 500 ## - NOTA GENERAL | |
| Nota general | Libro en tapa dura, con sobrecubierta exterior |
| 505 ## - NOTA DE CONTENIDO CON FORMATO | |
| Nota de contenido con formato | Texto en: españolIncluye listas de trabajoDirigido a: artistas o historiadores |
| 650 1# - PUNTO DE ACCESO ADICIONAL DE MATERIA--TÉRMINO DE MATERIA | |
| Fuente del encabezamiento o término | América latina |
| Término de materia o nombre geográfico como elemento de entrada | Elementos en la población |
| Subdivisión de forma | Criollos |
| 9 (RLIN) | 29736 |
| 651 2# - PUNTO DE ACCESO ADICIONAL DE MATERIA--NOMBRE GEOGRÁFICO | |
| Fuente del encabezamiento o término | México |
| Nombre geográfico | Nueva España |
| Subdivisión de forma | Castas |
| 9 (RLIN) | 29737 |
| 942 ## - ELEMENTOS DE PUNTO DE ACCESO ADICIONAL (KOHA) | |
| Fuente del sistema de clasificación o colocación | Library of Congress Classification |
| Tipo de ítem Koha | Libros |
| Estado de retiro | Estado de pérdida | Fuente del sistema de clasificación o colocación | Estado dañado | No para préstamo | Código de colección | Localización permanente | Ubicación/localización actual | Fecha de adquisición | Total de préstamos | Signatura topográfica completa | Código de barras | Fecha visto por última vez | Precio válido a partir de | Tipo de ítem Koha |
|---|---|---|---|---|---|---|---|---|---|---|---|---|---|---|
| El ejemplar forma parte de la colección y puede ser consultado según las políticas vigentes. | Library of Congress Classification | Fondo Contemporáneo | Biblioteca del Museo Franz Mayer (Rogerio Casas-Alatriste) | Biblioteca del Museo Franz Mayer (Rogerio Casas-Alatriste) | 08/09/2023 | F1419.C74 S25 2011 | CONT10213 | 08/09/2023 | 08/09/2023 | Libros |